Épisodes de la saison 4 de Ninjago - Statistiques

Statistiques générales
  • Ce quiz a été pris 27 fois
  • Le résultat moyen est 5 sur 10
Statistiques - réponses
Réponse % Correct
10 Le couloir des anciens
85%
1 L'invitation
80%
2 Il ne peut en rester qu'un
70%
9 La plus grande de toutes les peurs
45%
5 Un espion pour un autre
45%
3 L'adversaire
40%
7 Élément oublié
35%
8 Le jour du dragon
35%
6 Le sortilège
30%
4 Un tournoi qui roule
0%
Aucun quiz correspondant
Distribution des résultats
% des personnes avec chaque résultat
Percentile par nombre de réponses
Votre historique - résultats
Vous n’avez pas pris ce quiz